00341 a2200121 45000010005000001000019000052450036000242600018000600900015000789420023000939990019001169520084001353035 aS.S.Hayat Khan aThe nation that lost it's soul. abJung pub.c c2320d2320 aNUST-CAEcMc14670 c238108d238108 001040708NFICaCAEbCAEd2017-04-03l0pCAE65748r2017-04-05w2017-04-05yBK